[Event "World School-ch U13"]
[Site "Sochi"]
[Date "2016.12.06"]
[Round "4"]
[White "Kretov, Leonid"]
[Black "Rolgeizer, Genrikh"]
[Result "1/2-1/2"]
[WhiteElo "1808"]
[BlackElo "1985"]
[PlyCount "99"]
[EventDate "2016.12.03"]
[EventType "swiss"]
[EventRounds "9"]
[EventCountry "RUS"]
[SourceTitle "EXT 2018"]
[Source "ChessBase"]
[SourceDate "2017.10.13"]
[SourceVersion "1"]
[SourceVersionDate "2017.10.13"]
[SourceQuality "1"]

1. d4 Nf6 2. Nf3 e6 3. Bf4 b6 4. e3 Bb7 5. Bd3 Be7 6. 0-0 0-0 7. h3 d6 8. Nbd2 c5 9. c3 Re8 10. Qe2 cxd4 11. cxd4 Nbd7 12. e4 h6 13. Rac1 Bf8 14. Bh2 e5 15. dxe5 dxe5 16. Nc4 Ba6 17. Nfxe5 Nxe5 18. Nxe5 Bxd3 19. Qxd3 Qxd3 20. Nxd3 Rxe4 21. Rfe1 Rd4 22. Ne5 Bc5 23. Nf3 Rdd8 24. a3 a5 25. Be5 Nd7 26. Bc3 a4 27. Ne5 Nxe5 28. Rxe5 f6 29. Re4 Re8 30. Rce1 Kf7 31. Kf1 b5 32. Bb4 Rxe4 33. Rxe4 Rc8 34. Bxc5 Rxc5 35. Ke1 f5 36. Rb4 Ke6 37. Kd2 Kd5 38. b3 axb3 39. Rxb3 Kd6 40. Rb4 Rd5+ 41. Kc3 Re5 42. Rd4+ Ke6 43. a4 bxa4 44. Rxa4 Re2 45. Rf4 g6 46. Kd3 Ra2 47. Ke3 Ra3+ 48. Ke2 Kd5 49. Rb4 Kc5 50. Rb8 1/2-1/2